Flags of Countries That Border Peru - Statistics

General Stats
  • This quiz has been taken 611 times
  • The average score is 5 of 5
Answer Stats
Picture Answer % Correct
Brazil
100%
Chile
97%
Colombia
97%
Bolivia
96%
Ecuador
96%
No matching quizzes found
Score Distribution
Percent of People with Each Score
Percentile by Number Answered
Your Score History
You have not taken this quiz